Central Library OPAC University of Rajshahi

Biochemical systematics / (Record no. 12262)

MARC details
000 -LEADER
fixed length control field 00810cam a22002651 4500
001 - CONTROL NUMBER
control field 12262
003 - CONTROL NUMBER IDENTIFIER
rucl marc code BD-RjUL
005 - DATE AND TIME OF LATEST TRANSACTION
control field 20211208235250.0
008 - FIXED-LENGTH DATA ELEMENTS--GENERAL INFORMATION
fixed length control field 140128s1963 njua 001 0 eng d
035 ## - SYSTEM CONTROL NUMBER
System control number (BD-RjUL)12311
040 ## - CATALOGING SOURCE
Original cataloging agency DLC
Transcribing agency DLC
Modifying agency DLC
-- (BD-RjUL)
Language of cataloging eng
041 ## - LANGUAGE CODE
Language code of text/sound track or separate title eng
082 00 - DEWEY DECIMAL CLASSIFICATION NUMBER
Classification number 578.012
Author mark and year ALB 1963
100 1# - MAIN ENTRY--PERSONAL NAME
Personal name Alston, Ralph E.
9 (RLIN) 38063
245 10 - TITLE STATEMENT
Title Biochemical systematics /
Statement of responsibility, etc. [by] Ralph E. Alston [and] B. L. Turner.
260 ## - PUBLICATION, DISTRIBUTION, ETC. (IMPRINT)
Place of publication, distribution, etc. Englewood Cliffs, N.J. :
Name of publisher, distributor, etc. Prentice-Hall ,
Date of publication, distribution, etc. c1963
300 ## - PHYSICAL DESCRIPTION
Pagination 404 p. :
Illustrations illus. ;
Size 24 cm.
490 0# - SERIES STATEMENT
Series statement Prentice-Hall biological science series
504 ## - BIBLIOGRAPHY, ETC. NOTE
Bibliography, etc Includes Index
650 #0 - SUBJECT ADDED ENTRY--TOPICAL TERM
Topical term or geographic name as entry element Plant chemotaxonomy.
9 (RLIN) 38043
700 1# - ADDED ENTRY--PERSONAL NAME
Personal name Turner, B. L.
Fuller form of name (Billie Lee),
Dates associated with a name 1925-
942 ## - ADDED ENTRY ELEMENTS (KOHA)
Source of classification or shelving scheme Dewey Decimal Classification
Koha item type Books
Holdings
Lost status Source of classification or shelving scheme Damaged status Not for loan Collection code Permanent Location Current Location Shelving location Date acquired Source of acquisition Cost, normal purchase price Total Checkouts Full call number Date last seen Copy number Koha item type
  Dewey Decimal Classification     Non-fiction Central Library, University of Rajshahi Central Library, University of Rajshahi   10/08/1973 Milton Prokashoni 185.00   578.012 ALB 1963 28/01/2014 C-2 Books
  Dewey Decimal Classification   Not For Loan Non-fiction Central Library, University of Rajshahi Central Library, University of Rajshahi Reading Room 16/08/1978 Mitali Prakashani 135.00   578.012 ALB 1963 22/05/2017 C-1 Books
  Dewey Decimal Classification     Non-fiction Central Library, University of Rajshahi Central Library, University of Rajshahi   21/01/2019       578.012 ALB 1963 21/01/2019 C-3 Books